Beasts and behemoths : prehistoric creatures in the movies /

Bibliographic Details
Main Author: Kinnard, Roy, 1952-
Format: Book
Language:English
Published: Metuchen, N.J. : Scarecrow Press, 1988.
Subjects:

MARC

Tag First Indicator Second Indicator Subfields
LEADER 00000cam a2200000 a 4500
001 in00000035099
005 20151007055303.0
008 870820s1988 njua 00110 eng
010 |a  87023424  
020 |a 0810820625 
035 |a (OCoLC)16647797 
035 |9 AAB7780AM 
040 |a DLC  |c DLC  |d TXA  |d UtOrBLW 
049 |a TXAM  |c [A11505824] 
050 0 0 |a PN1995.9.P67  |b K56 1988 
082 0 |a 791.43/09/0936  |2 19 
100 1 |a Kinnard, Roy,  |d 1952- 
245 1 0 |a Beasts and behemoths :  |b prehistoric creatures in the movies /  |c by Roy Kinnard. 
264 1 |a Metuchen, N.J. :  |b Scarecrow Press,  |c 1988. 
300 |a xi, 179 pages :  |b illustrations ;  |c 23 cm. 
336 |a text  |b txt  |2 rdacontent 
337 |a unmediated  |b n  |2 rdamedia 
338 |a volume  |b nc  |2 rdacarrier 
500 |a "Feature film checklist": pages 160-161. 
500 |a "Japanese feature film checklist": pages 162-163. 
500 |a Includes indexes. 
650 0 |a Prehistoric animals in motion pictures. 
650 0 |a Horror films  |x History and criticism. 
999 |a MARS 
999 f f |s 12e8aeb7-5ee6-3b68-9c45-a57456fd0895  |i b50e5486-e851-39b2-b862-090b964f39ff  |t 0 
952 f f |p normal  |a Texas A&M University  |b College Station  |c Sterling C. Evans Library  |d Evans: Library Stacks  |t 0  |e PN1995.9.P67 K56 1988  |h Library of Congress classification  |i unmediated -- volume  |m A14811505824 
998 f f |a PN1995.9.P67 K56 1988  |t 0  |l Evans: Library Stacks